[Event "8th Mayors Cup Open 2015"]
[Site "Mumbai IND"]
[Date "2015.06.03"]
[Round "3.3"]
[White "Swayams, Mishra"]
[Black "Aleksandrov, Aleksej"]
[Result "1/2-1/2"]
[WhiteTitle "IM"]
[BlackTitle "GM"]
[WhiteElo "2439"]
[BlackElo "2607"]
[WhiteFideId "5028183"]
[BlackFideId "13500139"]
[EventDate "2015.06.02"]

1. d4 Nf6 2. c4 e6 3. Nf3 d5 4. Nc3 Bb4 5. Bg5 Nbd7 6. e3 c5 7. cxd5 exd5 8. Bd3
Qa5 9. Qc2 c4 10. Bf5 O-O 11. O-O Re8 12. Nd2 g6 13. Bh3 Kg7 14. Rae1 Nb6 15.
Bxc8 Raxc8 16. Bxf6+ Kxf6 17. e4 dxe4 18. Ndxe4+ Kg7 19. a3 Be7 20. Nd2 Bf6 21.
Nf3 Rcd8 22. Rxe8 Rxe8 23. h3 h6 24. Rc1 Rd8 25. Qe4 Qa6 26. Re1 Nc8 27. Nd5 Nd6
28. Qc2 Re8 29. Rxe8 Nxe8 30. Nxf6 Nxf6 31. Ne5 b5 32. a4 Qxa4 33. Qxa4 bxa4 34.
Nxc4 Nd5 35. Kf1 Nf4 36. Ne5 f6 37. Nc6 Nd3 38. Nxa7 Nxb2 39. Nb5 Kf7 40. Ke2
Ke6 41. Kd2 Nc4+ 42. Kc2 f5 43. Nc3 Nb6 44. Kb2 Nc4+ 45. Kc2 Nb6 46. Kb2 h5 47.
h4 Kd6 48. Ne2 Kd5 49. Nf4+ Kxd4 50. Nxg6 Nd5 51. Ka3 f4 52. Kxa4 Ke4 53. f3+
Kf5 54. Nxf4 Nxf4 1/2-1/2

[Event "8th Mayors Cup Open 2015"]
[Site "Mumbai IND"]
[Date "2015.06.03"]
[Round "3.4"]
[White "Prasanna, Raghuram Rao"]
[Black "Mchedlishvili, Mikheil"]
[Result "0-1"]
[WhiteTitle "IM"]
[BlackTitle "GM"]
[WhiteElo "2424"]
[BlackElo "2597"]
[WhiteFideId "5022401"]
[BlackFideId "13600966"]
[EventDate "2015.06.02"]

1. d4 Nf6 2. c4 e6 3. g3 c5 4. d5 exd5 5. cxd5 d6 6. Nc3 g6 7. Bg2 Bg7 8. a4 O-O
9. Nf3 Re8 10. O-O Ne4 11. Nxe4 Rxe4 12. Nd2 Rb4 13. Rb1 b5 14. axb5 Bf5 15. e4
Bd7 16. Re1 Bxb5 17. Nf3 Nd7 18. Bd2 Ra4 19. Bc3 Qb6 20. Bxg7 Kxg7 21. e5 dxe5
22. Nxe5 Nxe5 23. Rxe5 Rd4 24. Qf3 Qf6 25. Rbe1 Qxf3 26. Bxf3 Rd8 27. Re7 Rd7
28. Rxd7 Bxd7 29. Rc1 Bh3 30. Rxc5 Rd3 31. Be2 Rd2 32. Bf3 Rxb2 33. Rc1 a5 34.
d6 Kf6 35. Ra1 Ke6 36. Rd1 Kd7 37. g4 Rb4 38. g5 a4 39. Bd5 Be6 40. Bxe6+ fxe6
41. Rd3 Rg4+ 0-1

[Event "8th Mayors Cup Open 2015"]
[Site "Mumbai IND"]
[Date "2015.06.03"]
[Round "3.5"]
[White "Kravtsiv, Martyn"]
[Black "Kulkarni, Rakesh"]
[Result "1-0"]
[WhiteTitle "GM"]
[WhiteElo "2589"]
[BlackElo "2353"]
[WhiteFideId "14113147"]
[BlackFideId "5037077"]
[EventDate "2015.06.02"]

1. e4 d5 2. exd5 Qxd5 3. Nc3 Qd6 4. d4 Nf6 5. Nf3 c6 6. Ne5 Nbd7 7. Nc4 Qc7 8.
Qf3 Nb6 9. Bf4 Qd7 10. Nxb6 axb6 11. O-O-O Qg4 12. Qe3 Qe6 13. d5 Nxd5 14. Nxd5
cxd5 15. Qb3 Ra5 16. Be3 Bd7 17. Bxb6 Ra4 18. Bb5 Bxb5 19. Qxb5+ Qc6 20. Rxd5 f6
21. Qb3 e6 22. Rd8+ Kf7 23. Rhd1 g5 24. R8d7+ Be7 25. Rc7 Qe4 26. f3 Qf4+ 27.
Kb1 Re8 28. g3 Qb4 29. Bc5 Qc4 30. Rxe7+ Rxe7 31. Bxe7 Qe2 32. Rc1 Rd4 33. Qxb7
Rd1 34. Ba3+ 1-0

[Event "8th Mayors Cup Open 2015"]
[Site "Mumbai IND"]
[Date "2015.06.03"]
[Round "3.6"]
[White "Sanjay, N."]
[Black "Smirnov, Pavel"]
[Result "0-1"]
[BlackTitle "GM"]
[WhiteElo "2310"]
[BlackElo "2588"]
[WhiteFideId "5003075"]
[BlackFideId "4123425"]
[EventDate "2015.06.02"]

1. Nf3 d5 2. d4 Nf6 3. c4 e6 4. Nc3 c6 5. Bg5 h6 6. Bxf6 Qxf6 7. e3 g6 8. Bd3
dxc4 9. Bxc4 Nd7 10. O-O Bg7 11. Re1 O-O 12. e4 Rd8 13. e5 Qe7 14. Qe2 b5 15.
Bd3 Rb8 16. Rac1 c5 17. Nxb5 Bb7 18. Nd6 Bxf3 19. Qxf3 Rxb2 20. dxc5 Nxe5 21.
Qg3 Nxd3 22. Qxd3 Rxa2 23. Red1 Qc7 24. Qc4 Ra5 25. c6 Be5 26. Nb7 Rxd1+ 27.
Rxd1 Bxh2+ 28. Kf1 Rf5 29. g4 Rf6 30. Qd4 Kg7 31. Qd7 Qg3 32. Qd4 e5 33. Ke2
Qf3+ 0-1

[Event "8th Mayors Cup Open 2015"]
[Site "Mumbai IND"]
[Date "2015.06.03"]
[Round "3.7"]
[White "Sangma, Rahul"]
[Black "Debashis, Das"]
[Result "0-1"]
[WhiteTitle "IM"]
[BlackTitle "GM"]
[WhiteElo "2307"]
[BlackElo "2508"]
[WhiteFideId "5013615"]
[BlackFideId "5024854"]
[EventDate "2015.06.02"]

1. Nf3 Nf6 2. c4 e6 3. g3 d5 4. Bg2 Be7 5. O-O O-O 6. b3 c5 7. e3 Nc6 8. Bb2 b6
9. cxd5 Nxd5 10. d4 Ba6 11. Re1 Rc8 12. a3 cxd4 13. Nxd4 Nxd4 14. Bxd4 Bf6 15.
Ra2 Qe7 16. Bxd5 exd5 17. Rd2 Bb7 18. Bxf6 Qxf6 19. Rd4 Rc7 20. Nd2 Rfc8 21. Nf3
h6 22. Kg2 Rc2 23. Rf4 Qb2 24. Nd4 Rc1 25. Qh5 Rxe1 26. Qxf7+ Kh8 27. Qxb7 Rg8
28. Nf5 Qe2 29. Ne7 Qf1+ 30. Kf3 h5 31. Ng6+ Kh7 32. Rd4 Re2 0-1

[Event "8th Mayors Cup Open 2015"]
[Site "Mumbai IND"]
[Date "2015.06.03"]
[Round "3.8"]
[White "Rahman, Ziaur"]
[Black "Puranik, Abhimanyu"]
[Result "1-0"]
[WhiteTitle "GM"]
[BlackTitle "CM"]
[WhiteElo "2500"]
[BlackElo "2307"]
[WhiteFideId "10200037"]
[BlackFideId "5061245"]
[EventDate "2015.06.02"]

1. b3 a5 2. Bb2 a4 3. b4 Nf6 4. c4 g6 5. a3 Bg7 6. e4 d6 7. g3 e5 8. Bg2 Be6 9.
d3 Qd7 10. Nc3 O-O 11. Nge2 Nc6 12. O-O Nd4 13. Nxd4 exd4 14. Ne2 c5 15. Nf4 Ne8
16. Nxe6 fxe6 17. f4 e5 18. f5 Bh6 19. Bc1 Bxc1 20. Qxc1 b6 21. Rb1 Kg7 22. h4
Nf6 23. Bh3 h6 24. Kg2 gxf5 25. Bxf5 Qe7 26. Rb2 Rf7 27. bxc5 bxc5 28. Kh3 Raf8
29. g4 Qc7 30. Rbf2 Qe7 31. Rg1 Qd8 32. Rfg2 Qe7 33. Qd1 Nh7 34. g5 hxg5 35.
Rxg5+ Kh8 36. Qh5 Qc7 37. Rg6 Qe7 38. Qg4 Qd8 39. Rg3 Re7 40. Rg7 1-0

[Event "8th Mayors Cup Open 2015"]
[Site "Mumbai IND"]
[Date "2015.06.03"]
[Round "3.9"]
[White "Rohan, Ahuja"]
[Black "Deepan, Chakkravarthy J."]
[Result "1/2-1/2"]
[BlackTitle "GM"]
[WhiteElo "2218"]
[BlackElo "2497"]
[WhiteFideId "5090598"]
[BlackFideId "5011132"]
[EventDate "2015.06.02"]

1. Nf3 b6 2. g3 Bb7 3. Bg2 e5 4. d3 Nf6 5. O-O Bd6 6. Nbd2 O-O 7. Nc4 Re8 8. b3
Nc6 9. Bb2 Rb8 10. e4 Qe7 11. Re1 b5 12. Nxd6 Qxd6 13. Qd2 Qb4 14. Qxb4 Nxb4 15.
Re2 d6 16. a3 Nc6 17. Rae1 a5 18. d4 b4 19. a4 h6 20. dxe5 dxe5 21. Rd2 Re6 22.
Bf1 g5 23. Bc4 Rd6 24. Rxd6 cxd6 25. Nd2 Kf8 26. Bd3 Ke7 27. Nc4 Bc8 28. f3 Be6
29. Kf2 Nd7 30. Rd1 Bxc4 31. Bxc4 Nb6 32. Bd3 Rc8 33. Rh1 Nd4 34. Bxd4 exd4 35.
h4 Nd7 36. hxg5 hxg5 37. Rh5 Rc5 38. Ke2 Ne5 39. Rh8 Rc3 40. Ra8 Nxd3 41. cxd3
Rxb3 42. Rxa5 Rb2+ 43. Kd1 Rf2 44. Rxg5 Rxf3 1/2-1/2

[Event "8th Mayors Cup Open 2015"]
[Site "Mumbai IND"]
[Date "2015.06.03"]
[Round "3.10"]
[White "Sivuk, Vitaly"]
[Black "Pujari, Rucha"]
[Result "1-0"]
[WhiteTitle "GM"]
[BlackTitle "WFM"]
[WhiteElo "2491"]
[BlackElo "2141"]
[WhiteFideId "14116502"]
[BlackFideId "5024528"]
[EventDate "2015.06.02"]

1. d4 d5 2. c4 e6 3. Nc3 Nf6 4. cxd5 exd5 5. Bg5 c6 6. Qc2 Na6 7. e3 Nb4 8. Qd2
Bf5 9. Rc1 a5 10. f3 Be7 11. a3 Na6 12. Nge2 h6 13. Bf4 O-O 14. Ng3 Bg6 15. Bd3
b5 16. Nce2 Qd7 17. Bxg6 fxg6 18. Qc2 g5 19. Be5 Rac8 20. O-O Qe6 21. Qf5 Qf7
22. f4 g4 23. Bxf6 Qxf6 24. Qxg4 b4 25. a4 c5 26. Rf3 c4 27. Nh5 Qf7 28. f5 Bd6
29. Nef4 Bxf4 30. Rxf4 c3 31. b3 Rce8 32. Qe2 Nb8 33. Rg4 g5 34. fxg6 Qe7 35. e4
Nc6 36. Qe3 dxe4 37. Qxh6 Qd7 38. g7 Qxg4 39. Qh8+ Kf7 40. g8=Q+ Ke7 41. Qhh7+ 1-0

[Event "8th Mayors Cup Open 2015"]
[Site "Mumbai IND"]
[Date "2015.06.03"]
[Round "3.16"]
[White "Ashwath, R."]
[Black "Karthikeyan, P."]
[Result "0-1"]
[BlackTitle "IM"]
[WhiteElo "2216"]
[BlackElo "2440"]
[WhiteFideId "5021049"]
[BlackFideId "5018226"]
[EventDate "2015.06.02"]

1. d4 Nf6 2. c4 c5 3. dxc5 e6 4. Nc3 Bxc5 5. Nf3 O-O 6. e3 b6 7. Be2 Bb7 8. O-O
Na6 9. b3 Nc7 10. Bb2 d5 11. Rc1 Qe7 12. Qc2 Rac8 13. Qb1 dxc4 14. Bxc4 Ncd5 15.
Ng5 Nxc3 16. Bxc3 g6 17. Ba1 Ng4 18. Nf3 Ba3 19. h3 Bxc1 20. Rxc1 Bxf3 21. gxf3
Nh6 22. f4 f6 23. Qe4 Kg7 24. Re1 Rfe8 25. h4 Nf5 26. Qh1 Red8 27. h5 b5 28. Be2
Rc2 29. Qg2 Rxe2 30. Rxe2 Rd1+ 31. Kh2 Rxa1 32. Rd2 Rc1 33. Qa8 Nd6 34. hxg6
hxg6 35. Qb8 f5 36. Kg2 Qh4 37. Qxa7+ Nf7 38. Qd4+ e5 39. fxe5 Qh1+ 40. Kg3 Rg1+ 0-1

[Event "8th Mayors Cup Open 2015"]
[Site "Mumbai IND"]
[Date "2015.06.03"]
[Round "3.14"]
[White "Deshmukh, Anup"]
[Black "Azaladze, Shota"]
[Result "0-1"]
[WhiteTitle "IM"]
[BlackTitle "IM"]
[WhiteElo "2245"]
[BlackElo "2499"]
[WhiteFideId "5000564"]
[BlackFideId "13603027"]
[EventDate "2015.06.02"]

1. c4 g6 2. Nc3 Bg7 3. Nf3 c5 4. e3 Nf6 5. d4 O-O 6. Be2 cxd4 7. exd4 d5 8. O-O
Nc6 9. h3 Bf5 10. Be3 dxc4 11. Bxc4 Ne4 12. Rc1 Rc8 13. Be2 Nxc3 14. bxc3 Qd6
15. Qd2 Rfd8 16. Rfd1 Qa3 17. Bh6 Bh8 18. Ng5 Na5 19. Bg4 Bd7 20. Bxd7 Rxd7 0-1

[Event "8th Mayors Cup Open 2015"]
[Site "Mumbai IND"]
[Date "2015.06.03"]
[Round "3.15"]
[White "Swapnil, S. Dhopade"]
[Black "Lakshmi Narayanan M V"]
[Result "1/2-1/2"]
[WhiteTitle "IM"]
[WhiteElo "2453"]
[BlackElo "2193"]
[WhiteFideId "5019184"]
[BlackFideId "5040647"]
[EventDate "2015.06.02"]

1. d4 Nf6 2. c4 e6 3. Nf3 b6 4. g3 Bb7 5. Bg2 Be7 6. O-O O-O 7. Re1 d6 8. Nc3 c5
9. d5 exd5 10. cxd5 a6 11. e4 b5 12. e5 dxe5 13. Nxe5 Bd6 14. Bg5 Bxe5 15. Rxe5
Nbd7 16. Re1 h6 17. Be3 Re8 18. Qd2 Qa5 19. a3 c4 20. Bd4 Rad8 21. Rxe8+ Rxe8
22. Re1 Qd8 23. Rxe8+ Qxe8 24. h3 Qa8 25. Qf4 Ne8 26. h4 Ndf6 27. Qe5 Qd8 28.
Bf3 Nd7 29. Qe3 Nd6 30. Qf4 Ne8 31. Kf1 Ndf6 32. Qe5 Nd7 33. Qe3 Nd6 34. Qf4 Ne8
35. Ke2 Ndf6 36. Qe5 Nd7 37. Qe3 Nd6 38. Qf4 Qe7+ 39. Kd2 a5 40. Ne4 Ne8 41. Nc3
b4 42. axb4 axb4 43. Nb5 Nc5 44. Qe5 Nb3+ 45. Ke3 Qd7 46. Nd6 Nxd4 47. Nxe8 Nf5+
48. Kf4 Kf8 49. Qxf5 Qxf5+ 50. Kxf5 Kxe8 51. Ke5 c3 52. bxc3 bxc3 53. Bd1 Ke7
54. Ba4 f6+ 55. Kd4 Kd6 56. Kxc3 1/2-1/2

[Event "8th Mayors Cup Open 2015"]
[Site "Mumbai IND"]
[Date "2015.06.03"]
[Round "3.11"]
[White "Muthaiah, AL"]
[Black "Nguyen, Duc Hoa"]
[Result "0-1"]
[BlackTitle "GM"]
[WhiteElo "2159"]
[BlackElo "2487"]
[WhiteFideId "5092442"]
[BlackFideId "12401358"]
[EventDate "2015.06.02"]

1. d4 Nf6 2. Nf3 g6 3. Bf4 Bg7 4. Nbd2 c5 5. c3 d6 6. dxc5 dxc5 7. e4 O-O 8. Qc2
a6 9. a4 Nh5 10. Be3 Qc7 11. g3 b6 12. Bg2 Bb7 13. O-O Nd7 14. Rfe1 Rfd8 15. Bg5
Nf8 16. e5 Ne6 17. Be3 Bd5 18. a5 bxa5 19. Qa4 Bxe5 20. Nxe5 Qxe5 21. Bxc5 Qb8
22. Bd4 Bxg2 23. Kxg2 Qb7+ 24. Kg1 Ng5 25. f3 Ng7 26. Qxa5 Nf5 27. Qe5 Nxd4 28.
cxd4 Rd5 29. Qe3 Qxb2 30. f4 Rxd4 31. Nf1 Nh3+ 32. Kh1 Qb7+ 0-1

[Event "8th Mayors Cup Open 2015"]
[Site "Mumbai IND"]
[Date "2015.06.03"]
[Round "3.12"]
[White "Siva, Mahadevan"]
[Black "Priyadharshan, K."]
[Result "1/2-1/2"]
[BlackTitle "IM"]
[WhiteElo "2125"]
[BlackElo "2462"]
[WhiteFideId "25043153"]
[BlackFideId "5018293"]
[EventDate "2015.06.02"]

1. d4 d5 2. c4 dxc4 3. Nf3 Nf6 4. e3 a6 5. Bxc4 e6 6. O-O c5 7. Bb3 Nc6 8. Nc3
cxd4 9. exd4 Be7 10. Bg5 O-O 11. Qd2 Na5 12. Bc2 b5 13. Qf4 Bb7 14. Qh4 g6 15.
d5 Bxd5 16. Rad1 Ra7 17. Rfe1 Nc6 18. Bb3 Rd7 19. Nxd5 Nxd5 20. Bxd5 exd5 21.
Rxe7 Rxe7 22. Bxe7 Qxe7 23. Rxd5 Qxh4 24. Nxh4 Nb4 25. Rd6 Rc8 26. g3 Nxa2 27.
Rxa6 Nb4 28. Rb6 Nd3 29. Rxb5 Rc1+ 30. Kg2 Rc2 31. Rb8+ Kg7 32. b4 Rxf2+ 33. Kg1
Rb2 34. b5 Ne5 35. b6 Kf6 36. b7 g5 37. Rd8 Rxb7 38. Rd6+ Ke7 39. Nf5+ Ke8 40.
Rh6 Rb1+ 41. Kg2 Rb2+ 42. Kh1 Rf2 43. Nd6+ Ke7 44. Ne4 Ng4 45. Rxh7 Rf1+ 46. Kg2
Ne3+ 47. Kh3 g4+ 48. Kh4 Kf8 49. Ng5 Kg8 50. Rxf7 Rxf7 51. Nxf7 Kxf7 52. h3 1/2-1/2

[Event "8th Mayors Cup Open 2015"]
[Site "Mumbai IND"]
[Date "2015.06.03"]
[Round "3.13"]
[White "Pantsulaia, Levan"]
[Black "Sa, Kannan"]
[Result "1-0"]
[WhiteTitle "GM"]
[WhiteElo "2616"]
[BlackElo "2003"]
[WhiteFideId "13602071"]
[BlackFideId "5018340"]
[EventDate "2015.06.02"]

1. Nf3 d6 2. d4 Nf6 3. c4 g6 4. Nc3 Bg7 5. g3 O-O 6. Bg2 Nbd7 7. O-O c6 8. e4 e5
9. h3 Qe7 10. Be3 Ne8 11. Qb3 Kh8 12. Rad1 b6 13. Qa3 f6 14. c5 dxc5 15. dxc5
Rf7 16. Nd2 Bf8 17. Nb3 Bb7 18. Rd2 Qe6 19. Qa4 b5 20. Qa3 Nb6 21. Na5 Nc4 22.
Qb3 Bc8 23. Nxc4 bxc4 24. Qa4 Rb8 25. Rfd1 Be7 26. Qxa7 Bd6 27. Qa4 Bc7 28. Bf1
Re7 29. h4 1-0

[Event "8th Mayors Cup Open 2015"]
[Site "Mumbai IND"]
[Date "2015.06.03"]
[Round "3.17"]
[White "Ivana Maria, Furtado"]
[Black "Hossain, Enamul"]
[Result "0-1"]
[WhiteTitle "WIM"]
[BlackTitle "GM"]
[WhiteElo "2212"]
[BlackElo "2423"]
[WhiteFideId "5048400"]
[BlackFideId "10200649"]
[EventDate "2015.06.02"]

1. Nf3 Nf6 2. c4 b6 3. e3 Bb7 4. Be2 e6 5. O-O Be7 6. b3 O-O 7. Bb2 c5 8. d4 a6
9. Nc3 cxd4 10. Nxd4 d6 11. Bf3 Ra7 12. Bxb7 Rxb7 13. Qf3 Rc7 14. Na4 Rc8 15.
Rac1 Qc7 16. Rfd1 Nbd7 17. Qe2 Qb8 18. f3 Rfe8 19. Kh1 Rc7 20. b4 Qa8 21. Rc3
Rec8 22. Rdc1 Ne8 23. R3c2 g6 24. Ba1 Bf6 25. Nb3 Bxa1 26. Nxa1 Nef6 27. Nb2 a5
28. b5 a4 29. Nd3 Qa5 30. a3 Qa8 31. Nb4 Nc5 32. e4 Nfd7 33. Rd1 Ne5 34. f4 Ned7
35. Rxd6 Qxe4 36. Qxe4 Nxe4 37. Rc6 Ndc5 38. g3 Rxc6 39. bxc6 Rd8 40. Rc1 Kf8
41. Nac2 Ke7 42. Ne3 Rd2 43. Rc2 Rd8 44. Rb2 Kd6 45. Kg2 Kc7 46. Kf3 f5 47. g4
Nd3 48. Ra2 Nxb4 49. axb4 Kxc6 50. Rxa4 Rd2 51. gxf5 gxf5 52. Ng4 fxg4+ 53. Kxe4
Rxh2 54. Ra7 h5 55. Rg7 Rb2 56. Rg5 Rxb4 57. Ke5 Rxc4 58. Kxe6 Rxf4 59. Rxh5 b5
60. Ke5 Rc4 61. Rh8 Kc5 62. Rc8+ Kb4 0-1

[Event "8th Mayors Cup Open 2015"]
[Site "Mumbai IND"]
[Date "2015.06.03"]
[Round "3.18"]
[White "Bartakke, Amardeep S."]
[Black "Laxman, R.R."]
[Result "0-1"]
[BlackTitle "GM"]
[WhiteElo "2153"]
[BlackElo "2417"]
[WhiteFideId "5003288"]
[BlackFideId "5005361"]
[EventDate "2015.06.02"]

1. e4 e5 2. Nf3 Nc6 3. Bb5 a6 4. Ba4 Nf6 5. O-O b5 6. Bb3 Bc5 7. Re1 d6 8. c3
Bb6 9. h3 O-O 10. d3 h6 11. Nbd2 Ne7 12. Nf1 Ng6 13. Ng3 Re8 14. d4 c5 15. dxe5
dxe5 16. Qxd8 Bxd8 17. Be3 c4 18. Bc2 Bc7 19. a4 Bb7 20. Nd2 Nf8 21. b3 Ba5 22.
Ne2 cxb3 23. Nxb3 Bc7 24. axb5 axb5 25. Nc5 Bc6 26. Na6 Bd6 27. f3 Ne6 28. Red1
Bf8 29. Nb4 Bd7 30. Bb3 Nc5 31. Ba2 Ra4 32. Nd5 Rea8 33. Nxf6+ gxf6 34. Nc1 Be6
35. Rd2 Nb3 36. Nxb3 Bxb3 37. Bxb3 Rxa1+ 38. Kh2 Rb1 39. Bd5 Ra3 0-1

[Event "8th Mayors Cup Open 2015"]
[Site "Mumbai IND"]
[Date "2015.06.03"]
[Round "3.19"]
[White "Visakh, NR"]
[Black "Raja, Harshit"]
[Result "1-0"]
[WhiteElo "2375"]
[BlackElo "2154"]
[WhiteFideId "25012223"]
[BlackFideId "5089000"]
[EventDate "2015.06.02"]

1. Nf3 Nf6 2. d4 d5 3. c4 c6 4. e3 e6 5. Nbd2 Nbd7 6. b3 Bd6 7. Bb2 Qe7 8. Qc2
e5 9. cxd5 cxd5 10. dxe5 Nxe5 11. Nxe5 Bxe5 12. Bxe5 Qxe5 13. Bb5+ Bd7 14. Bxd7+
Nxd7 15. O-O O-O 16. Rac1 Rfd8 17. Nf3 Qe8 18. Qc7 b6 19. Nd4 Nf6 20. Qb7 Ne4
21. Rc7 g6 22. Rd1 Qe5 23. Rc2 Nc5 24. Qc6 Rac8 25. Qb5 Qf6 26. Rdc1 Kg7 27. Qe2
a5 28. Nf3 Re8 29. h3 Rcd8 30. Rd1 Ne4 31. Qd3 Rc8 32. Rdc1 Qf5 33. Rc6 Rxc6 34.
Rxc6 Re6 35. Qd4+ Qf6 36. Rc7 Qxd4 37. Nxd4 Rf6 38. f3 Nc5 39. Kf2 Ne6 40. Nxe6+
Rxe6 41. Ke2 Kf6 42. Kd3 Re7 43. Rc6+ Re6 44. Rc8 Rd6 45. Kd4 h5 46. g4 hxg4 47.
hxg4 Ke7 48. Rc7+ Ke6 49. a3 f6 50. f4 Rd8 51. a4 Kd6 52. Rf7 Ke6 53. Rb7 Rd6
54. Rg7 Rc6 55. Rxg6 Kf7 56. Rh6 Kg7 57. Rh5 Rc1 58. Rxd5 1-0

[Event "8th Mayors Cup Open 2015"]
[Site "Mumbai IND"]
[Date "2015.06.03"]
[Round "3.20"]
[White "Praneeth, Surya K."]
[Black "Sammed Jaykumar, Shete"]
[Result "1-0"]
[WhiteTitle "FM"]
[WhiteElo "2305"]
[BlackElo "2071"]
[WhiteFideId "5091411"]
[BlackFideId "5073421"]
[EventDate "2015.06.02"]

1. e4 c6 2. d4 d5 3. e5 Bf5 4. Nf3 e6 5. Be2 Nd7 6. O-O Ne7 7. Nbd2 c5 8. c4 a6
9. dxc5 Nxc5 10. Nb3 Nd7 11. Be3 dxc4 12. Nbd4 Bd3 13. Bxd3 cxd3 14. Qxd3 Nd5
15. Nf5 Nb4 16. Qb3 exf5 17. e6 fxe6 18. Ng5 Qf6 19. Nxe6 Bd6 20. Rad1 Be5 21.
Rfe1 Nc2 22. Bg5 Qg6 23. Nc7+ Kf8 24. Rxd7 Bxc7 25. Qxc2 Bb6 26. Be7+ Ke8 27.
Rxb7 Bxf2+ 28. Qxf2 1-0

[Event "8th Mayors Cup Open 2015"]
[Site "Mumbai IND"]
[Date "2015.06.04"]
[Round "4.1"]
[White "Debashis, Das"]
[Black "Kokarev, Dmitry"]
[Result "0-1"]
[WhiteTitle "GM"]
[BlackTitle "GM"]
[WhiteElo "2508"]
[BlackElo "2639"]
[WhiteFideId "5024854"]
[BlackFideId "4132181"]
[EventDate "2015.06.02"]

1. d4 Nf6 2. c4 g6 3. Nc3 Bg7 4. e4 d6 5. Nf3 O-O 6. Be2 e5 7. Be3 c6 8. O-O
exd4 9. Nxd4 Re8 10. Qc2 Qe7 11. Bf3 Bg4 12. Bg5 Bxf3 13. Nxf3 Nbd7 14. Rfe1 Ne5
15. Nd2 h6 16. Bh4 Qe6 17. b3 Qg4 18. Bg3 Nh5 19. Re3 Nxg3 20. Rxg3 Qh4 21. Rf1
h5 22. Rh3 Qd8 23. Re3 a6 24. h3 b5 25. f4 Qb6 26. Nd1 Nd7 27. Kh1 Rad8 28. e5
Nf8 29. Ne4 bxc4 30. exd6 cxb3 31. Rxb3 Qa5 32. Ne3 Ne6 33. Rb7 Qa3 34. Nc4 Nd4
35. Qb1 Qa4 36. Ne5 Nf5 37. d7 Rxe5 38. Rb8 Rxe4 39. Rxd8+ Kh7 40. Rh8+ Bxh8 41.
d8=Q Ng3+ 42. Kh2 Nxf1+ 43. Qxf1 Rxf4 44. Qfd1 Qxa2 45. Q1d6 Rf5 46. Kg1 0-1

[Event "8th Mayors Cup Open 2015"]
[Site "Mumbai IND"]
[Date "2015.06.04"]
[Round "4.2"]
[White "Mchedlishvili, Mikheil"]
[Black "Rahman, Ziaur"]
[Result "1/2-1/2"]
[WhiteTitle "GM"]
[BlackTitle "GM"]
[WhiteElo "2597"]
[BlackElo "2500"]
[WhiteFideId "13600966"]
[BlackFideId "10200037"]
[EventDate "2015.06.02"]

1. e4 c5 2. Nf3 e6 3. d4 cxd4 4. Nxd4 Nc6 5. Nc3 Qc7 6. Be3 a6 7. Qd2 Nf6 8.
O-O-O Bb4 9. f3 Ne5 10. Nb3 b5 11. Qe1 Be7 12. f4 Ng6 13. e5 Ng4 14. Ne4 O-O 15.
Bc5 Bb7 16. Bxe7 Nxe7 17. Nd6 Bd5 18. Bd3 f5 19. h3 Nh6 20. Rg1 Nf7 21. Nxf7
Rxf7 22. Kb1 Rc8 23. Qd2 Bc4 1/2-1/2

[Event "8th Mayors Cup Open 2015"]
[Site "Mumbai IND"]
[Date "2015.06.04"]
[Round "4.3"]
[White "Nguyen, Duc Hoa"]
[Black "Kravtsiv, Martyn"]
[Result "1/2-1/2"]
[WhiteTitle "GM"]
[BlackTitle "GM"]
[WhiteElo "2487"]
[BlackElo "2589"]
[WhiteFideId "12401358"]
[BlackFideId "14113147"]
[EventDate "2015.06.02"]

1. d4 Nf6 2. c4 e6 3. Nf3 b6 4. g3 Ba6 5. b3 d5 6. Bg2 Bb4+ 7. Bd2 Be7 8. O-O
O-O 9. Bc3 Nbd7 10. Ne5 Bb7 11. Bb2 c5 12. cxd5 Nxd5 13. dxc5 Nxe5 14. Bxe5 Bxc5
15. Nc3 Nxc3 16. Bxc3 Qe7 17. Qd2 Rad8 18. Qf4 Bd6 19. Qg4 f5 20. Qxg7+ Qxg7 21.
Bxg7 Bxg2 22. Bxf8 Bxf1 23. Bxd6 Bxe2 24. Re1 Rxd6 25. Rxe2 Kf7 26. Rc2 a5 27.
f4 a4 28. bxa4 Rd4 29. Rc7+ Kf6 30. Rxh7 Rxa4 31. Rb7 Rxa2 32. Rxb6 Ra1+ 33. Kg2
Ra2+ 34. Kh3 Re2 35. Rb1 Kg6 36. Ra1 Kh5 37. Ra5 Kg6 38. Rb5 Kf6 39. Rb1 Kg6 40.
Rg1 e5 41. Rg2 Re3 42. fxe5 Kg5 43. Rf2 Rxe5 44. Kg2 Re4 45. Kf3 Ra4 46. Rb2
Ra3+ 47. Kg2 Ra4 48. h3 Rc4 49. Re2 Rc3 50. Re8 Kg6 51. Re6+ Kf7 52. Ra6 Kg7 53.
h4 Rb3 54. Kf2 Kf7 55. Rc6 Ra3 56. Kg2 Kg7 57. Rc4 Kg6 58. Kh3 Kh5 59. Rc5 Kg6
60. Rc6+ Kg7 61. Rc4 Kg6 62. Rf4 Rb3 63. Kg2 Rb2+ 64. Rf2 Rb3 65. Rf3 Rb2+ 66.
Kh3 Rb6 67. Ra3 Rc6 68. Kg2 Rb6 69. Kf3 Rc6 70. Ra4 Rb6 71. Kf4 Kf6 72. Rd4 Ra6
73. Rb4 Rc6 74. Kf3 Ra6 75. Kg2 Kg6 76. Rb8 Ra2+ 77. Kh3 Ra3 78. Rb6+ Kg7 79.
Kg2 Kf7 80. h5 Kg7 81. Rg6+ Kf7 82. Rd6 Kg7 83. h6+ Kh7 84. Rf6 Rb3 85. Kh3 f4
86. Rxf4 Kxh6 1/2-1/2

[Event "8th Mayors Cup Open 2015"]
[Site "Mumbai IND"]
[Date "2015.06.04"]
[Round "4.4"]
[White "Smirnov, Pavel"]
[Black "Sivuk, Vitaly"]
[Result "1-0"]
[WhiteTitle "GM"]
[BlackTitle "GM"]
[WhiteElo "2588"]
[BlackElo "2491"]
[WhiteFideId "4123425"]
[BlackFideId "14116502"]
[EventDate "2015.06.02"]

1. d4 Nf6 2. c4 e6 3. g3 d5 4. Bg2 Bb4+ 5. Bd2 Be7 6. Nf3 O-O 7. O-O c6 8. Qc2
b6 9. Rd1 Bb7 10. b3 Ne4 11. Bf4 Nd7 12. Nc3 f5 13. a4 a5 14. Ne5 g5 15. Nxd7
Qxd7 16. Be5 Bf6 17. Nxe4 fxe4 18. Bxf6 Rxf6 19. f3 exf3 20. exf3 Qd6 21. Rac1
h6 22. Qe2 c5 23. cxd5 cxd4 24. Rxd4 Bxd5 25. f4 gxf4 26. Bxd5 exd5 27. Qg4+ Kh7
28. Rxf4 Rxf4 29. Qxf4 Qxf4 30. gxf4 Rf8 31. Rc7+ Kg6 32. Rc6+ Kf5 33. Kf2 Ke4
34. Ke2 h5 35. Rxb6 Rxf4 36. b4 Rh4 37. bxa5 Rxh2+ 38. Kf1 Rc2 39. a6 Rc5 40.
Rb5 Rc8 41. Ra5 h4 42. a7 Ra8 43. Ra6 Kd3 44. Rd6 d4 45. Rd7 h3 46. Kg1 Ke3 47.
Kh2 d3 48. Kxh3 d2 49. Re7+ Kf3 50. Rf7+ Ke2 51. Re7+ Kd1 52. Rb7 Rc8 53. Rb8
Rc3+ 54. Kh2 Kc2 55. a8=Q d1=Q 56. Qg2+ 1-0